000 00757nam#a2200241#c#4500
003 IEF
005 20180219163520.0
008 950601s1972 uuu####fr####| 0||u| |u
040 _aIEF
100 1 _aPérez Royo, Fernando
_935059
245 _aInfracciones y sanciones tributarias
_c Fernando Pérez Royo; prólogo de Jaime García Añoveros
260 _aMadrid
_b Instituto de Estudios Fiscales [IEF]
_c1972
300 _a161 p.
_c24 cm.
490 _aIEF Estudios de Hacienda Pública;v. 1
650 4 _aESPAÑA
_941092
650 4 _aIMPUESTOS
_947460
650 4 _aINFRACCIONES Y SANCIONES TRIBUTARIAS
_947813
650 4 _aDELITO FISCAL
_941798
700 1 _aGarcía Añoveros, Jaime
_917198
942 _cLIB
942 _z50881
999 _c81789
_d81789